Médicos especialistas - Estadísticas

Estadísticas generales
  • Esta prueba ha sido intentada 276 veces
    275 desde el último reinicio
  • La puntuación promedio es 14 de 30
Estadísticas de respuestas
Médico % Correcto
Cardiólogo
85%
Ginecólogo
78%
Neurólogo
78%
Otorrino
75%
Dermatólogo
74%
Oftalmólogo
72%
Pediatra
72%
Traumatólogo
71%
Urólogo
69%
Oncólogo
61%
Nefrólogo
55%
Neumólogo
54%
Psiquiatra
51%
Anestesista
48%
Endocrino
47%
Reumatólogo
46%
Hematólogo
45%
Internista
40%
Gastroenterólogo
37%
Alergólogo
33%
Geriatra
33%
Médico de familia
24%
Estomatólogo
23%
Forense
20%
Intensivista
19%
Neonatólogo
14%
Otorrinolaringólogo
14%
Infectólogo
13%
Médico de urgencias
6%
Médico especialista en medicina física y rehabilitación
5%
No se encontraron pruebas coincidentes
Distribución de puntuación
Porcentaje de gente con cada puntuación
Porcentaje por número respondido
Historial de tus puntuaciones
No has intentado esta prueba desde el último reinicio